书目信息 |
| 题名: |
儿童文学教程
|
|
| 作者: | 方卫平 , 王昆建 主编 | |
| 分册: | ||
| 出版信息: | 北京 高等教育出版社 2004 |
|
| 页数: | 321页 | |
| 开本: | 21cm | |
| 丛书名: | ||
| 单 册: | ||
| 中图分类: | I058 | |
| 科图分类: | ||
| 主题词: | 儿童文学--文学理论--高等学校--教材 , 儿童文学 , 文学理论 | |
| 电子资源: | ||
| ISBN: | 978-7-04-014346-1 | |
| 000 | 01047nam0 2200277 45 | |
| 005 | 20100303152742.06 | |
| 010 | @a978-7-04-014346-1@dCNY21.90 | |
| 100 | @a20100120e20072004ekmy0chiy0120 ea | |
| 101 | 0 | @achi |
| 102 | @aCN@b110000 | |
| 105 | @ay z 000yy | |
| 106 | @ar | |
| 200 | 1 | @a儿童文学教程@AEr Tong Wen Xue Jiao Cheng@f方卫平,王昆建主编@FFang Wei Ping, Wang Kun Jian Zhu Bian |
| 210 | @a北京@c高等教育出版社@d2004@h2007 | |
| 215 | @a321页@d21cm | |
| 300 | @a教育部师范教育司组织专家审定 | |
| 300 | @a高等院校小学教育专业教材 | |
| 330 | @a本书主要包括:儿童文学的基本原理、儿童文学的创作主体与接受对象、儿童文学的文本特征、儿歌,儿童诗、 通话 寓言、儿童故事,儿童小说、儿童散文,儿童报告文学、儿童科学文艺、图画文学、儿童戏剧文学,儿童影视文学等内容 | |
| 606 | 0 | @a儿童文学@x文学理论@x高等学校@j教材 |
| 606 | 0 | @a儿童文学 |
| 606 | 0 | @a文学理论 |
| 690 | @aI058@v4 | |
| 701 | 0 | @a方卫平@AFang Wei Ping@4主编 |
| 701 | 0 | @a王昆建@AWang Kun Jian@4主编 |
| 801 | 0 | @aCN@bTANGWEI@c20100303 |
| 905 | @b0583858-62@dI058@e178@f5 | |
| 儿童文学教程/方卫平,王昆建主编.-北京:高等教育出版社,2004(2007) |
| 321页;21cm |
| 教育部师范教育司组织专家审定.-高等院校小学教育专业教材 |
| ISBN 978-7-04-014346-1:CNY21.90 |
| 本书主要包括:儿童文学的基本原理、儿童文学的创作主体与接受对象、儿童文学的文本特征、儿歌,儿童诗、 通话 寓言、儿童故事,儿童小说、儿童散文,儿童报告文学、儿童科学文艺、图画文学、儿童戏剧文学,儿童影视文学等内容 |
| ● |
| 相关链接 |
|
|
|
|
正题名:儿童文学教程
索取号:I058/178
 
预约/预借
| 序号 | 登录号 | 条形码 | 馆藏地/架位号 | 状态 | 备注 |
| 1 | 0583858 | 205838584 | 第一样本阅览室/ [索取号:I058/178] | 在馆 | |
| 2 | 0583859 | 205838593 | 第二借阅区/ [索取号:I058/178] | 在馆 | |
| 3 | 0583860 | 205838600 | 第二借阅区/ [索取号:I058/178] | 在馆 | |
| 4 | 0583861 | 205838619 | 第二借阅区/ [索取号:I058/178] | 在馆 | |
| 5 | 0583862 | 205838628 | 第二借阅区/ [索取号:I058/178] | 在馆 |